Documento expedido por el Papa Inocencio XII (Record no. 4674)

MARC details
000 -CABECERA
campo de control de longitud fija 01516nam a2200313 a 4500
001 - NÚMERO DE CONTROL
campo de control BRCA_4980
005 - FECHA Y HORA DE LA ÚLTIMA TRANSACCIÓN
campo de control 20190320204903.0
008 - DATOS DE LONGITUD FIJA--INFORMACIÓN GENERAL
campo de control de longitud fija 271010s1699----it-######v---#000-0#spa-#
041 ## - CÓDIGO DE LENGUA
Código de lengua del texto/banda sonora o título independiente spa
044 ## - CÓDIGO DEL PAÍS DE LA ENTIDAD EDITORA/PRODUCTORA
Código MARC del país mx
084 ## - OTRO NÚMERO DE CLASIFICACIÓN
Número de clasificación DOC67
Número de documento/Ítem .I56
-- 1699
100 1# - ENTRADA PRINCIPAL--NOMBRE DE PERSONA
Nombre de persona Inocencio
Numeración XII
Títulos y otros términos asociados al nombre Papa
Fechas asociadas al nombre 1615-1700
9 (RLIN) 12678
245 10 - MENCIÓN DE TÍTULO
Título Documento expedido por el Papa Inocencio XII
Mención de responsabilidad, etc. Inocencio XII ; Juàn Francisco Albano ; traducción de Antonio Gracián.
260 ## - PUBLICACIÓN, DISTRIBUCIÓN, ETC.
Lugar de publicación, distribución, etc. Santa Marìa la Mayor, Roma
Fecha de publicación, distribución, etc. 1699
300 ## - DESCRIPCIÓN FÍSICA
Extensión [7] fojas
Dimensiones 31 x 22 cm.
500 ## - NOTA GENERAL
Nota general Documento firmado en la Basílica de Santa María la Mayor el 14 de julio de 1699.
500 ## - NOTA GENERAL
Nota general Breve del Papa Inocencio XII en el que se otorga al Rey español un millón de ducados de plata para defender de ciertas escuadras de escoceses herejes las Plazas de América.
500 ## - NOTA GENERAL
Nota general Documento firmado por el Cardenal Juán Francisco Albano y traducido al español por Antonio Gracián.
500 ## - NOTA GENERAL
Nota general El documento contiene la leyenda DOC. #77.
506 0# - NOTA DE RESTRICCIONES AL ACCESO
Limitaciones de acceso Fondo Reservado. Para su consulta es necesario credencial de usuario y carta de motivos.
546 ## - NOTA DE LENGUA/LENGUAJE
Nota de lengua/lenguaje Texto en : español de finales del siglo XVII traducido del latín.
600 14 - PUNTO DE ACCESO ADICIONAL DE MATERIA--NOMBRE DE PERSONA
Nombre de persona Inocencio,
Numeración XII,
Títulos y otros términos asociados al nombre Papa,
Fechas asociadas al nombre 1615-1700
Subdivisión general Historia
9 (RLIN) 12679
650 14 - PUNTO DE ACCESO ADICIONAL DE MATERIA--TÉRMINO DE MATERIA
Término de materia o nombre geográfico como elemento de entrada Documentos legales
Subdivisión general Curia romana
Subdivisión geográfica Roma.
9 (RLIN) 12680
651 #4 - PUNTO DE ACCESO ADICIONAL DE MATERIA--NOMBRE GEOGRÁFICO
Nombre geográfico México
Subdivisión general Historia
Subdivisión cronológica Colonia,1521-1821
9 (RLIN) 12461
700 1# - PUNTO DE ACCESO ADICIONAL--NOMBRE DE PERSONA
Nombre de persona Albano, Juan Francisco.
Títulos y otros términos asociados al nombre Cardenal.
9 (RLIN) 12681
700 1# - PUNTO DE ACCESO ADICIONAL--NOMBRE DE PERSONA
Nombre de persona Gracián, Antonio
Títulos y otros términos asociados al nombre Escribano.
9 (RLIN) 12682
902 ## - CATALOGADOR
Iniciales FDH
942 ## - ELEMENTOS DE PUNTO DE ACCESO ADICIONAL (KOHA)
Fuente del sistema de clasificación o colocación Library of Congress Classification
Tipo de ítem Koha Documentos
Holdings
Estado de retiro Estado de pérdida Estado dañado No para préstamo Localización permanente Ubicación/localización actual Fecha de adquisición Total de préstamos Signatura topográfica completa Código de barras Fecha visto por última vez Precio válido a partir de Tipo de ítem Koha
El ejemplar forma parte de la colección y puede ser consultado según las políticas vigentes.       Biblioteca del Museo Franz Mayer (Rogerio Casas-Alatriste) Biblioteca del Museo Franz Mayer (Rogerio Casas-Alatriste) 27/10/2010   DOC67 .I56 1699 5061 22/03/2019 22/03/2019 Documentos